| 000 | 01172nam a22003017a 4500 | ||
|---|---|---|---|
| 005 | 20121217110852.0 | ||
| 008 | 121211t xxu||||| |||| 00| 0 hin d | ||
| 010 | _aHIN-97727 | ||
| 020 |
_c100.00 _a8188122068 |
||
| 035 | _aHN-70073 | ||
| 037 | _bDBAD / PUB | ||
| 040 |
_aDPL _bHN |
||
| 082 | _aउ | ||
| 100 |
_927482 _aशैलजा, संतोष |
||
| 245 |
_aकनक छड़ी / _cसंतोष शैलजा |
||
| 246 |
_aKanak Chharee _bby Santosh Shailja |
||
| 260 |
_bभारतीय प्रकाशन संस्थान _c2010 _aनई दिल्ली |
||
| 270 |
_a24/4855, अंसारी रोड, दरियागंज _bनई दिल्ली _e110002 |
||
| 300 | 1 |
_a123पृ. _c22सेमी (सजिल्द) |
|
| 650 |
_91170 _aHindi Novel |
||
| 650 |
_91169 _aहिन्दी कथा साहित्य |
||
| 700 | _927483 | ||
| 700 | _954344 | ||
| 710 | _952094 | ||
| 711 | _952444 | ||
| 942 |
_adpl _cHN _2ddc _mशैलजा _hउ |
||
| 999 |
_c72199 _d72199 |
||